MDQL
is popping MORE tags! Check the
thread
!
Quizzes
Events
Quiz Creation
Community
Videos
Private Events
Remove Ads
Sign In
Join for FREE
Feedback
Dark Mode
Quiz Categories
Sports
Geography
Music
Movies
Television
Just For Fun
Miscellaneous
History
Literature
Language
Science
Gaming
Entertainment
Religion
Holiday
For Kids
Quiz Lab
Recent
Popular Today
Quiz Kudos Today
Editor Picks
Curator Picks
Quizzes by...
Day
Popularity
Type
Ratings
Length
Year
Community
Subscriptions
Recent Discussions
Orange Saloon
Badges
Playlists
Quests
Create
Leaderboards
Showdown
Live 5
Trivia Bingo
Activity
Puzzle Library
Sporcle Events
Private Events
Virtual Trivia
Globe League
Become a Host
Pub Owners
SporcleCon
Opinionation
Our Games
Videos
Blog
Mobile Apps
Partnerships
Remove Ads and Go Orange
Feedback
Movies
Disney
Marvel Cinematic Universe
Movie Resume
Movie Titles
Oscar
Actor
Actress
Director
Pixar
Role
Movie Quotes
Movie Characters
Box Office
Nominee
Best Picture
Star Wars
James Bond
Horror Movies
Movies
Disney
Marvel Cinematic Universe
Movie Resume
Movie Titles
Oscar
Actor
Actress
Director
Pixar
Role
Movie Quotes
Movie Characters
Box Office
Nominee
Best Picture
Star Wars
James Bond
Horror Movies
Random Quiz
Search Sporcle
×
Quiz Lab
Quiz Lab
Movies
Star Wars
Type in answers that appear in a list
Type in answers that appear in a list
Classic
Best Score? Go Orange.
Star Wars Battles Stats
Can you name the Star Wars Battles
By
warrior97
3m
6 Questions
226 Plays
226 Plays
226 Plays
Comments
Comments
Give Quiz Kudos
Give Quiz Kudos
-
- Ratings
hide this ad
Replay
Link that replays current quiz
Next Quiz
Link to next quiz in quiz playlist
You Got
0%
They Got
Avg Score
93%
Avg Friend Score
Upgrade to see
Score Distribution
Jump to the score distribution portion of the page
Score
0/6
Timer
03:00
0
Plays Today
Details
Battle
% Correct
Fought in the snow, where Luke Skywalker brought down an AT-
AT
Hoth
99.6%
In a forest moon, where the rebels destroy the second death star
Endor
98.2%
Seen in Episode I when Padme and her crew faces off against the trade fedaration
Naboo
95.1%
Battle where first Death Star is destroyed
Yavin
92%
Anakin, Obi Wan and Padme fight for their lives in an arena. Mace Windu leads a strike team there
Geonosis
88.4%
Anakin and Obi Wan race to save the Chancellor from General Grievous in a battle just above the capital world
Coruscant
84.9%
Quiz Playlist
Details
Report
Send in Message
Add To Playlist
Classic:
Type in answers that appear in a list
Last Updated: Feb 16, 2017
Quiz Scoreboard
CHALLENGE
Sign Up to Join the Scoreboard
Show All
Scores
Hide
Comments
May contain spoilers
Recently Published
1-10 Letter E Words III
by El_Dandy
Language
2m
Street Fighter Characters
by Artimus82
Gaming
60s
College Basketball Coaching Resumes
by pancakes188
Sports
9m
More to Explore
Quiz From the Vault
Featured Blog Post
Where Did the Easter Bunny Come From?
hide this ad
You Might Also Like...
Tags
Star Wars Quiz
battle
Today's Top Quizzes in Movies
Browse Movies
hide this ad
Today's Top Quizzes in Star Wars
Browse Star Wars
Top Contributed Quizzes in Movies
1
Pick 5 Posters: Directed by Spielberg
2
7-to-1: Pixar Characters
3
Hidden Star Wars Character II
4
Hidden Star Wars Character III
5
Pick 5 Posters: Lowest-Rated Spielberg
6
Sorting Actresses
7
Sorting Actors
8
Hidden Star Wars Character IV
9
Hidden Star Wars Character V
10
Pick 5 Posters: Directed by Scorsese
Explore More
Trending Topics
NBA
Kpop
Harry Potter
Disney
Marvel
Crossword
Anime
Song
Pokémon
Country
The Office
Soccer
WWE
Puzzle
NFL
hide this ad
More By:
warrior97
Quiz
Plays
Rating
Category
Featured
Created
Flags of South East Asia
1,999
4.75
Geography
Dec 22, 2015
Our Last Summer lyrics ( Mama Mia )
1,172
4.00
Music
Jan 10, 2016
Progressively Harder Movie Characters
681
2.69
Movies
Dec 27, 2015
Typing Challenge ( Star Wars )
495
4.67
Just For Fun
Dec 25, 2015
Star Wars Blitz ( clickable)
431
4.13
Movies
Dec 25, 2015
Go to Creator's Profile
Score Distribution
Quiz Creator Spotlight
warrior97
Follow
Send a Message
Quizzes Created
-
Created Quiz Play Count
-
More By This Creator
Popular Quizzes Today
1
Find the US States - No Outlines Minefield
2
Find the Countries of Europe - No Outlines Minefield
3
The Countries of the World
4
Find the US States
5
Risky Map Clicking: Biggest States A-Z
6
US States
7
Popular People in 1961
8
Movies - When Are They Set?
More Movies Quizzes
Coroner's Report: The Godfather
Editor's Pick
Trending Quizzes
Risky Map Clicking: Least Populous States A-Z
USA Borders Longest to Shortest
1-10 Letter G Words
1-10 Letter F Words
Countries of the World: 200 Million BC
Recently Updated
Beyoncé Albums
pecheneg
Leaping Animals
pecheneg
Reality TV Shows (A-Z)
bhenderson79
Rickey Henderson's Hall of Fame Teammates
pecheneg
Champions League XIs: Arsenal
pecheneg
Quick Pick: Celebrities in WWE's Hall of Fame
aduchscher
A-Z Keypad Blitz II
pecheneg
Multiple Oscar Actors
pecheneg
Mystery Phrase Blitz: Oscar 'Best Actors'
pecheneg
F. Scott Fitzgerald Novels
LTH
Trending Topics
NBA
Crossword
Disney
Kpop
Harry Potter
Marvel
Anime
Song
WWE
The Office
NFL
Pokémon
Puzzle
Soccer
Country
Your Account Isn't Verified!
In order to create a playlist on Sporcle, you need to verify the email address you used during registration. Go to your
Sporcle Settings
to finish the process.
Report this User
Report this user for behavior that violates our
Community Guidelines
.
Details:
Send Report
Go to the Sporcle.com Mobile Site →
Comments